000 00311nam a2200121Ia 4500
008 190216s9999||||xx |||||||||||||| ||und||
100 _a"Menkel Hc,Eubanks Le,Charlton Rph"
245 0 _aTested Ways To Health
260 _bThe Oriented Watchman Publ
_c1960
300 _a111p
650 _aHealth
942 _cREF
999 _c35198
_d35198